LEADER 01292nam0-2200397---450- 001 990008254570403321 005 20060112164434.0 010 $a0-8218-3630-7 035 $a000825457 035 $aFED01000825457 035 $a(Aleph)000825457FED01 035 $a000825457 100 $a20060112d2005----km-y0itay50------ba 101 0 $aeng 102 $aUS 105 $aa---a---101yy 200 1 $aAlgebraic structures and their representations$e15. coloquio latinoamericano de algebra- Cocoyoc, Morelos,Mexico - July 20-26,2003$fJ-A. de la Pena, Ernesto Vallejo, Natig Atakishiyev, editors 210 $aProvidence$cAmerican mathematical society$dc2005 215 $axxv, 436 p.$d24 cm 225 1 $aContemporary mathematics$v376 610 0 $aAlgebra$aCongressi 676 $a515.3$v22 702 1$aPena,$bJosé Antonio : de La 702 1$aVallejo,$bJose 702 1$aAtakishiyev,$bNating M. 710 12$aColoquio latinoamericano de algebra$d15.$fJuly 20-26,2003$eMexico$0499434 801 0$aIT$bUNINA$gRICA$2UNIMARC 901 $aBK 912 $a990008254570403321 952 $aC-1-(376$b21198$fMA1 959 $aMA1 962 $a13D05 962 $a13H10 962 $a16E10 996 $aAlgebraic structures and their representations$9743246 997 $aUNINA LEADER 03317nam 2200649Ia 450 001 9910964970203321 005 20251116160342.0 010 $a1-135-63085-2 010 $a1-135-63086-0 010 $a1-282-37893-7 010 $a9786612378935 010 $a1-4106-0657-0 024 7 $a10.4324/9781410606570 035 $a(CKB)111056486645536 035 $a(EBL)474649 035 $a(OCoLC)52251060 035 $a(SSID)ssj0000128550 035 $a(PQKBManifestationID)11152372 035 $a(PQKBTitleCode)TC0000128550 035 $a(PQKBWorkID)10069524 035 $a(PQKB)10570446 035 $a(MiAaPQ)EBC474649 035 $a(Au-PeEL)EBL474649 035 $a(CaPaEBR)ebr10358725 035 $a(CaONFJC)MIL237893 035 $a(OCoLC)893194556 035 $a(EXLCZ)99111056486645536 100 $a20020114d2002 uy 0 101 0 $aeng 135 $aur|n|---||||| 181 $ctxt 182 $cc 183 $acr 200 10$aConfigural frequency analysis $emethods, models, and applications /$fAlexander von Eye 205 $a1st ed. 210 $aMahwah, N.J. $cLawrence Erlbaum Associates$dc2002 215 $a1 online resource (468 p.) 300 $aDescription based upon print version of record. 311 08$a0-8058-4324-8 311 08$a0-8058-4323-X 320 $aIncludes bibliographical references (p. 401-422) and indexes. 327 $aBook Cover; Title; Copyright; List of contents; Preface; Part 1: Concepts and Methods of CFA; 1. Introduction: The Goals and Steps of Configural Frequency Analysis; 2. Log-linear Base Models for CFA; 3. Statistical Testing in Global CFA; 4. Descriptive Measures in Global CFA; Part II: Models and Applications of CFA; 5. Global Models of CFA; 6. Regional models of CFA; 7. Comparing k Samples; Part III: Methods of Longitudinal CFA; 8. CFA of Differences; 9. CFA of Level, Variability, and Shape of Series of Observations; Part IV: The CFA Specialty File and Alternative Approaches to CFA 327 $a10. More facets of CFA11. Alternative approaches to CFA; Part V: Computational Issues; 12. Using General Purpose Software to Perform CFA; References; Appendix A: A brief introduction to log- linear modeling; Appendix B: Table of a*-levels for the Bonferroni and Holm adjustments; Author Index; Subject Index 330 $aConfigural Frequency Analysis (CFA) provides an up-to-the-minute comprehensive introduction to its techniques, models, and applications. Written in a formal yet accessible style, actual empirical data examples are used to illustrate key concepts. Step-by-step program sequences are used to show readers how to employ CFA methods using commercial software packages, such as SAS, SPSS, SYSTAT, S-Plus, or those written specifically to perform CFA. CFA is an important method for analyzing results involved with categorical and longitudinal data. It allows one to answer the question of 606 $aDiscriminant analysis 606 $aPsychometrics 615 0$aDiscriminant analysis. 615 0$aPsychometrics. 676 $a150/.1/519532 700 $aEye$b Alexander von$0148929 801 0$bMiAaPQ 801 1$bMiAaPQ 801 2$bMiAaPQ 906 $aBOOK 912 $a9910964970203321 996 $aConfigural frequency analysis$92624414 997 $aUNINA